000 00589nam a22001457a 4500
005 20250207171958.0
008 241109b |||||||| |||| 00| 0 eng d
100 _aMorales, Hannah Reyes.
_eauthor.
_963867
245 _aManila, Philippines :
_bnavigating the tangled web /
_cHannah Reyes Morales.
260 _aWashington ;
_bNational Geographic Partners, LLC.,
_cDecember 2022.
300 _avolume 241, pages 114-115,
_billustration.
500 _aNational Geographic, v. 242, n. 12, pages 114-115, December 2022.
700 _aMorales, Hannah Reyes.
_eauthor.
_963867
942 _2ddc
_cPER
999 _c23122
_d23122